00610nam a22001697a 450000500170000001000150001702000270003203500130005903700130007208200140008524501570009926000400025627000510029630000260034750000400037370000270041320140725160740.0 aENG-110010 c1100.00a9788188865581 aEN-93543 bDBAD/PUB a378.0028500aInformation and communication technology (ICT) in Indian higher education sector :cedited by Sudhir K. Samantaraybcontemporary issues and challenges / aDelhibGagandeep Publicationsc2013 a212, Krishna Gali No.2, MaujpurbDelhie110053 axiv,298p. c22cm(Hb) aIncludes bibliographical references aSamantaray, Sudhir K.